Fun Fact About Every 2022 FIFA World Cup Team - Statistics

General Stats
  • This quiz has been taken 19 times
  • The average score is 16 of 32
Answer Stats
Hint Answer % Correct
This country borders every other country on its continent except two. Brazil
85%
This is the most visited country in the world. France
85%
This country has the world's tallest men (on average). Netherlands
85%
Mount Aconcagua is found in this country, and it is the tallest mountain in the Western Hemisphere. Argentina
77%
This country has the world's longest coastline. Canada
77%
This country has 424 national parks, with a total area of 84 million acres. USA
69%
90% of this country's population live on the coast. Australia
62%
This country has the highest proportion of the population aged 65 or over, at around 30%. Japan
62%
Because of its small landmass and numerous islands, no one in this country is ever more than 52 km away from the sea. Denmark
54%
This country does not have any forest. Qatar
54%
Despite being a primarily desert nation, this country needs to purchase sand for construction purposes. Saudi Arabia
54%
Dalmatians come from this country. Croatia
46%
Because planet Earth is not perfectly round, but bulges slightly at the centre, this country is the closest in the world to space. Ecuador
46%
This country has over 20,000 castles. Germany
46%
The capital of this country was built on top of a lake, and is now sinking by as much as 20 inches per year as a result of the lake being drained. Mexico
46%
This country had the world's tallest structure (a radio tower) from 1974 to 1991 when it collapsed. Poland
46%
This country's most popular family name is used by around 20% of the population. South Korea
46%
This country's national anthem has no words, as there has never been an agreement on proposed lyrics. Spain
46%
This country has the world's third most expensive city. Switzerland
46%
This country holds the world record for a democratic country being without a government, at 589 days from 2010-2011. Belgium
38%
This country fought the shortest war in history in 1896, which lasted between 38 and 45 minutes. England
38%
This country has only one river that is navigable by boat: the Karun. Iran
38%
This country's capital has the world's oldest operating bookstore. Portugal
38%
Parts of Star Wars: A New Hope were filmed in this country. Tunisia
38%
A citizen of this country is the namesake of Mt. Everest. Wales
38%
This is the only country in the world to be named after a crustacean. Cameroon
31%
This country has over 500,000 wildlife species, with a little more than 300,000 of those being insects. Costa Rica
31%
This country produces more gold than any other country on its continent, and 4.3% of the world's total gold. Ghana
31%
This country has a pink lake called Lake Retba; the colour is produced by bacteria in the water. Senegal
31%
18 Roman emperors were born in land that now belongs to this country. Serbia
31%
This country has the world's longest national anthem, at nearly 5 minutes long and 105 bars of music. Uruguay
31%
In this country, there are more active cell phones than there are people. Morocco
23%
No matching quizzes found
Score Distribution
Percent of People with Each Score
Percentile by Number Answered
Your Score History
You have not taken this quiz